Letem tajemným světem : cestopisy, povídky a reportáže /

Hlavní autor: Karhan, Marek, 1964-
Jazyk: Čeština
Angličtina
Vydáno: V Praze : Marek Karhan, [2025]
Vydání: 1. vydání
Témata:
Fyzický popis: 211 stran : ilustrace (převážně barevné) ; 22 cm
Language note: Částečně souběžný anglický text
Knihy
Uloženo v:
LEADER 01832nam a2200541 i 4500
001 nkc20253680929
003 CZ PrNK
005 20250605103336.0
007 ta
008 250404t20252025xr a e 000 j cze
015 |a cnb003680929 
020 |a 978-80-11-06698-7  |q (vázáno) 
035 |a (OCoLC)1527578058 
040 |a BOA001  |b cze  |e rda 
041 1 |a cze  |a eng  |h cze 
043 |a x------ 
072 7 |a 913  |x Regionální geografie  |2 Konspekt  |9 7 
080 |a 913:910.4  |2 MRF 
080 |a 913(100)  |2 MRF 
080 |a (100)  |2 MRF 
080 |a (0:82-992)  |2 MRF 
080 |a (0:82-32)  |2 MRF 
080 |a (0:82-4)  |2 MRF 
100 1 |a Karhan, Marek,  |d 1964-  |7 mzk20251261196  |4 aut  |4 pbl  |4 pht 
245 1 0 |a Letem tajemným světem :  |b cestopisy, povídky a reportáže /  |c Marek Karhan 
250 |a 1. vydání 
264 1 |a V Praze :  |b Marek Karhan,  |c [2025] 
264 4 |c ©2025 
300 |a 211 stran :  |b ilustrace (převážně barevné) ;  |c 22 cm 
336 |a text  |b txt  |2 rdacontent 
337 |a bez média  |b n  |2 rdamedia 
338 |a svazek  |b nc  |2 rdacarrier 
546 |a Částečně souběžný anglický text 
650 0 7 |a cesty a pobyt  |7 ph137578  |z země světa  |2 czenas 
650 0 9 |a travels and stays  |z countries of the world  |2 eczenas 
651 7 |a země světa  |7 ge131523  |x reálie  |2 czenas 
651 9 |a countries of the world  |x description and travel  |2 eczenas 
655 7 |a cestopisy  |7 fd131956  |2 czenas 
655 7 |a povídky  |7 fd133105  |2 czenas 
655 7 |a reportáže  |7 fd133252  |2 czenas 
655 9 |a books of travels  |2 eczenas 
655 9 |a short stories  |2 eczenas 
655 9 |a reportage  |2 eczenas 
910 2 |a BOA001  |b 2-1543.582 
990 |a BK 
995 |a 01 
991 |b 202505  |c NOV 
996 6 |b 2611003057  |c 2-1543.582  |l MZK  |r Sklad / do 1 hodiny  |n 0  |p p.v.  |w 002004117  |u 000010  |a 1  |e BOA001  |j MZK50  |s P